R6 Operators By Squad - Statistics

General Stats
  • This quiz has been taken 56 times
  • The average score is 50 of 74
Answer Stats
Answer % Correct
Ash
83%
Blackbeard
83%
Doc
83%
Kali
83%
Aruni
81%
Blitz
81%
Fuze
81%
Mute
81%
Pulse
81%
Rook
81%
Vigil
81%
Bandit
78%
Dokkaebi
78%
Montagne
78%
Sledge
78%
Buck
75%
Fenrir
75%
Frost
75%
Glaz
75%
Kapkan
75%
Smoke
75%
Ela
72%
IQ
72%
Mira
72%
Mozzie
72%
Striker
72%
Thermite
72%
Alibi
69%
Castle
69%
Deimos
69%
Jager
69%
Lesion
69%
Sentry
69%
Twitch
69%
Valkyrie
69%
Wamai
69%
Ace
67%
Caveira
67%
Goyo
67%
Hibana
67%
Iana
67%
Oryx
67%
Osa
67%
Warden
67%
Zero
67%
Amaru
64%
Azami
64%
Echo
64%
Finka
64%
Lion
64%
Maestro
64%
Nokk
64%
Tachanka
64%
Ying
64%
Clash
61%
Grim
61%
Jackal
61%
Kaid
61%
Sens
61%
Thatcher
61%
Zofia
61%
Capitao
58%
Gridlock
58%
Ram
58%
Skopos
58%
Thunderbird
58%
Flores
56%
Maverick
56%
Nomad
56%
Brava
53%
Melusi
50%
Solis
50%
Tubarao
50%
Thorn
44%
No matching quizzes found
Score Distribution
Percent of People with Each Score
Percentile by Number Answered
Your Score History
You have not taken this quiz